NFL Rushing Leaders: Los Angeles Rams - Statistics

General Stats
  • This quiz has been taken 52 times
  • The average score is 4 of 10
Answer Stats
Rank Player Yards Years w/ Team % Correct
2 EricDickerson 7245 1983-1987
93%
3 MarshallFaulk 6959 1999-2005
93%
6 ToddGurley 5404 2015-2019
91%
1 StevenJackson 10138 2004-2012
70%
4 LawrenceMcCutcheon 6186 1972-1979
18%
10 WendellTyler 3266 1977-1982
9%
5 DickBass 5417 1960-1969
5%
7 DanTowler 3493 1950-1955
0%
8 LesJosephson 3407 1964-1974
0%
9 TankYounger 3296 1949-1957
0%
No matching quizzes found
Score Distribution
Percent of People with Each Score
Percentile by Number Answered
Your Score History
You have not taken this quiz